| 000 | 02436cam a2200385 a 4500 | ||
|---|---|---|---|
| 001 | 16991449 | ||
| 003 | ARRUPE | ||
| 005 | 20131203133032.0 | ||
| 008 | 111006s2012 nyu 000 0 eng d | ||
| 010 | _a 2011940622 | ||
| 020 | _a9780374532352 (pbk.) | ||
| 020 | _a0374532354 (pbk.) | ||
| 035 | _a(OCoLC)ocn780302569 | ||
| 040 |
_aORX _cORX _dYDXCP _dBWX _dDLC |
||
| 041 | 1 |
_aeng _hfre |
|
| 042 | _alccopycat | ||
| 050 | 0 | 0 |
_aPN203 _b.B3 2012 |
| 082 | 0 | 4 |
_a808.02 _221 |
| 100 | 1 |
_aBarthes, Roland. _94729 |
|
| 240 | 1 | 0 |
_aDegré zéro de l'écriture. _lEnglish |
| 245 | 1 | 0 |
_aWriting degree zero / _cRoland Barthes ; translated from the French by Annette Lavers and Colin Smith. |
| 250 | _aPbk. ed. | ||
| 260 |
_aNew York : _bHill and Wang, _c2012. |
||
| 300 |
_axxii, 88 p. ; _c21 cm. |
||
| 500 | _aOriginally published in French in 1953 by Éditions du Seuil, France, as Le degré zéro de l'écriture. | ||
| 505 | 0 | _aWhat is writing? -- Political modes of writing -- Writing and the novel -- Is there any poetic writing? -- The triumph and break-up of bourgeois writing -- Style as craftmanship -- Writing and revolution -- Writing and silence -- Writing and speech -- The Utopia of language. | |
| 520 | _a"Is there any such thing as revolutionary literature? Can literature, in fact, be political at all? These are the questions Roland Barthes addresses in Writing Degree Zero, his first published book and a landmark in his oeuvre. The debate had engaged the European literary community since the 1930s; with this fierce manifesto, Barthes challenged the notion of literature's obligation to be socially committed. Yes, Barthes allows, the writer has a political and ethical responsibility. But the history of French literature shows that the writer has often failed to meet it--and from Barthes's perspective, literature is committed to little more than the myth of itself. Expert and uncompromising, Writing Degree Zero introduced the themes that would soon establish Barthes as one of the leading voices in literary criticism."--P. [4] of cover. | ||
| 650 | 0 |
_aStyle, Literary. _94730 |
|
| 650 | 0 |
_aFrench literature _xHistory and criticism. _94731 |
|
| 700 | 1 |
_aLavers, Annette. _94732 |
|
| 700 | 1 |
_aSmith, Colin. _94733 |
|
| 906 |
_a7 _bcbc _ccopycat _d2 _eepcn _f20 _gy-gencatlg |
||
| 942 |
_2lcc _cMONOGRAPH |
||
| 999 |
_c118944 _d118944 |
||